Estatísticas para Franquias de videogame mais vendidas

Clique aqui para jogar o quiz

Estatísticas Gerais

  • Esse quiz foi jogado 217 vezes
  • A pontuação média é 22 de 42

Estatísticas das Respostas

VendasAnoDicaFranquia% Correto
325M1993FutebolFIFA
99%
383M1985SaltadorSuper Mario
98%
760M1981EncanadorMario
97%
238M2011CreeperMinecraft
92%
380M1997Vice CityGrand Theft Auto
91%
440M1996AshPokémon
82%
111M1995Futebol da
KONAMI
Pro Evolution Soccer
80%
73M1992FatalitiesMortal Kombat
73%
495M1988Blocos com
movimentos
Tetris
73%
68M1986GokuDragon Ball
70%
200M2000Simulação
de vida real
The Sims
70%
70M2009DançaJust Dance
69%
88M1996Lara CroftTomb Raider
68%
151M1991AnéisSonic the Hedgehog
63%
425M2003FPSCall of Duty
60%
128M1986OcarinaThe Legend of Zelda
60%
150M1994Jogo de
corrida da EA
Need for Speed
59%
65M1981MacacoDonkey Kong
57%
68M2004Velho oesteRed Dead
53%
168M1992Corrida
com itens
Mario Kart
51%
81M2001Master
Chief
Halo
50%
118M1999BasqueteNBA 2K
49%
200M2007EzioAssassin's Creed
48%
207M2006Movimentos físicos
(videogame)
Wii
46%
168M1987RPG
japonês
Final Fantasy
44%
127M1996ZumbisResident Evil
43%
80M1997Jogo de
corrida do
PlayStation
Gran Turismo
42%
119M1983"The Force"Star Wars
40%
58M1987Solid SnakeMetal Gear
36%
200M1995Brinquedo
com blocos
Lego
35%
58M1994SkyrimThe Elder Scrolls
34%
75M1995Minhocas
em guerra
Worms
34%
130M1988Futebol
Americano
Madden
31%
82M1998Rainbow SixTom Clancy's
31%
63M2000Luta livreWWE 2K
29%
115M2006Esportes com
sensor de
movimento
Wii Sports
26%
73M2001Vilas de
animais
Animal Crossing
25%
69M1999Jogo de luta
em plataformas
Super Smash Bros.
23%
67M1998MinigamesMario Party
14%
72M2009Planeta
Pandora
Borderlands
6%
84M2004Caçador em
um ambiente
fantasioso
Monster Hunter
6%
84M1986Slime
sorridente
Dragon Quest
4%

Distribuição das Pontuações

Percentil de Números Respondidos

Porcentagem de Pessoas com Cada Pontuação

Sua Pontuação Histórica

Você não jogou esse quiz